Animaux de la mythologie grecque - Statistiques

Statistiques générales
  • Ce quiz a été pris 334 fois
  • Le résultat moyen est 11 sur 16
Statistiques - réponses
Par images Réponse % Correct
centaure
96%
cerbère
93%
gorgones
93%
pégase
91%
cyclope
88%
titans
79%
hydre de Lerne
72%
griffon
67%
chimère
64%
minotaures
61%
sphinx
60%
harpie
56%
satyres
53%
lion de Némée
35%
tritons
35%
hippocampe
26%
Aucun quiz correspondant
Distribution des résultats
% des personnes avec chaque résultat
Percentile par nombre de réponses
Votre historique - résultats
Vous n’avez pas pris ce quiz